[Event "Dortmund op"]
[Site "Dortmund"]
[Date "2006.03.20"]
[Round "7.27"]
[White "Sennholz, Michael"]
[Black "Krueger, Inge"]
[Result "1-0"]
[WhiteElo "1674"]
[BlackElo "1351"]
[PlyCount "67"]
[EventDate "2006.03.06"]
[EventType "swiss"]
[EventRounds "9"]
[EventCountry "GER"]
[SourceTitle "CBM 111 Extra"]
[Source "ChessBase"]
[SourceDate "2006.05.09"]
[SourceVersion "1"]
[SourceVersionDate "2006.05.09"]
[SourceQuality "1"]

1. e4 e6 2. d3 d5 3. Nd2 Nf6 4. e5 Nfd7 5. d4 c5 6. c3 cxd4 7. cxd4 Nc6 8. Ngf3 Be7 9. a3 0-0 10. Bd3 a6 11. 0-0 b5 12. Qc2 f5 13. Qxc6 Nb6 14. Qc2 Bd7 15. Nb3 Na4 16. Qe2 h6 17. Bd2 Qe8 18. Ba5 Bc6 19. Rac1 Qd7 20. Qd2 Rfc8 21. Bb4 Bxb4 22. Qxb4 Nxb2 23. Nc5 Nxd3 24. Nxd7 Nxb4 25. Nb6 Nd3 26. Rc2 Nf4 27. Nxc8 Rxc8 28. Rfc1 a5 29. Rxc6 Ne2+ 30. Kf1 Rxc6 31. Rxc6 Nf4 32. g3 Ng6 33. Rxe6 Kf7 34. Rb6 1-0

[Event "Dortmund op"]
[Site "Dortmund"]
[Date "2006.03.09"]
[Round "3.34"]
[White "Krueger, Inge"]
[Black "Mueller, Michaela"]
[Result "1/2-1/2"]
[WhiteElo "1351"]
[BlackElo "1098"]
[PlyCount "67"]
[EventDate "2006.03.06"]
[EventType "swiss"]
[EventRounds "9"]
[EventCountry "GER"]
[SourceTitle "CBM 111 Extra"]
[Source "ChessBase"]
[SourceDate "2006.05.09"]
[SourceVersion "1"]
[SourceVersionDate "2006.05.09"]
[SourceQuality "1"]

1. d4 e6 2. c4 d5 3. Nc3 Nf6 4. Bg5 Be7 5. e3 b6 6. Nf3 Bb7 7. cxd5 Nxd5 8. Bxe7 Qxe7 9. Be2 0-0 10. 0-0 Nd7 11. Rc1 Rac8 12. a3 c5 13. Qb3 Nxc3 14. bxc3 Bd5 15. c4 Bb7 16. Rfe1 Nf6 17. h3 Rc7 18. Nh2 Rfc8 19. Red1 h6 20. Ng4 Nxg4 21. Bxg4 Rd8 22. Be2 Ba8 23. dxc5 Rxc5 24. Rxd8+ Qxd8 25. Rd1 Qg5 26. f3 Bc6 27. Rd4 Qe7 28. Qd3 Be8 29. Bd1 f5 30. Bc2 g6 31. Qd1 Kf7 32. Ba4 Bxa4 33. Qxa4 Rc7 34. Qb3 1/2-1/2

[Event "Dortmund ABC Serie A-23"]
[Site "Dortmund"]
[Date "2005.06.08"]
[Round "12"]
[White "Baier, Joerg"]
[Black "Krueger, Inge"]
[Result "1-0"]
[WhiteElo "1389"]
[BlackElo "1336"]
[PlyCount "63"]
[EventDate "2005.04.13"]
[EventType "tourn"]
[EventRounds "13"]
[EventCountry "GER"]
[SourceTitle "EXT 2007"]
[Source "ChessBase"]
[SourceDate "2006.11.23"]
[SourceVersion "1"]
[SourceVersionDate "2006.11.23"]
[SourceQuality "1"]

1. c4 Nf6 2. Nc3 d5 3. d4 e6 4. Nf3 Be7 5. g3 0-0 6. Bg2 c6 7. cxd5 exd5 8. 0-0 h6 9. Bf4 Bf5 10. Ne5 Bd6 11. Qb3 Qc7 12. Rac1 a6 13. Nxd5 Nxd5 14. Bxd5 Bxe5 15. Bxe5 Qe7 16. Bg2 Rd8 17. Qc3 Nd7 18. Bf4 Nf6 19. Rfe1 Nd5 20. Bxd5 cxd5 21. Qc5 Qe8 22. Qb6 Rd7 23. h4 Re7 24. e3 f6 25. Rc5 Be4 26. Rec1 Kh7 27. Rc7 Bf5 28. Qxb7 Rxc7 29. Rxc7 Qg8 30. Rxg7+ Qxg7 31. Qxa8 Bd3 32. Qxd5 1-0

[Event "Dortmund op-B"]
[Site "Dortmund"]
[Date "2004.07.25"]
[Round "3"]
[White "Krueger, Inge"]
[Black "Weiss, Malte"]
[Result "0-1"]
[WhiteElo "1349"]
[BlackElo "1371"]
[PlyCount "98"]
[EventDate "2004.07.??"]
[EventType "swiss"]
[EventRounds "9"]
[EventCountry "GER"]
[SourceTitle "EXT 2006"]
[Source "ChessBase"]
[SourceDate "2005.11.24"]
[SourceVersion "1"]
[SourceVersionDate "2005.11.24"]
[SourceQuality "1"]

1. d4 d5 2. c4 e6 3. Nc3 c6 4. cxd5 exd5 5. Nf3 Nf6 6. Bg5 Nbd7 7. e3 Bb4 8. Rc1 h6 9. Bh4 0-0 10. Be2 Qa5 11. Qb3 Ne4 12. 0-0 Bxc3 13. bxc3 Nb6 14. Rc2 Qa4 15. c4 Qxb3 16. axb3 Bf5 17. Be7 Rfe8 18. Ba3 Ng3 19. Rfc1 Bxc2 20. Rxc2 Nxe2+ 21. Rxe2 dxc4 22. b4 Nd5 23. Rc2 b5 24. Ne5 Rec8 25. e4 Nf6 26. f3 a5 27. Kf2 axb4 28. Bxb4 Ra6 29. h4 Rd8 30. Ke3 Nd7 31. Ng4 Re8 32. Nf2 Ra4 33. Bd6 Re6 34. e5 f6 35. f4 f5 36. g4 g6 37. gxf5 gxf5 38. Nd1 Nb6 39. Rg2+ Kf7 40. Nc3 Nd5+ 41. Nxd5 cxd5 42. h5 b4 43. Rb2 b3 44. Kd2 Ra2 45. Kc3 Rxb2 46. Kxb2 Ke8 47. Kc3 Kd7 48. Ba3 Ra6 49. Kb2 Ra8 0-1

[Event "Dortmund op-B"]
[Site "Dortmund"]
[Date "2004.07.23"]
[Round "1"]
[White "Krueger, Inge"]
[Black "Pertschik, Alexandr"]
[Result "0-1"]
[WhiteElo "1349"]
[BlackElo "1675"]
[PlyCount "30"]
[EventDate "2004.07.??"]
[EventType "swiss"]
[EventRounds "9"]
[EventCountry "GER"]
[SourceTitle "EXT 2006"]
[Source "ChessBase"]
[SourceDate "2005.11.24"]
[SourceVersion "1"]
[SourceVersionDate "2005.11.24"]
[SourceQuality "1"]

1. d4 d5 2. c4 Nc6 3. Nc3 dxc4 4. e3 e5 5. dxe5 Qxd1+ 6. Nxd1 Nxe5 7. Be2 Bf5 8. Nf3 Nd3+ 9. Kf1 Nf6 10. Nd4 Bg6 11. f3 a6 12. e4 c5 13. Nc2 Rd8 14. Bg5 Be7 15. Rb1 Nxe4 0-1

[Event "Dortmund2"]
[Site "Dortmund"]
[Date "2003.04.11"]
[Round "4"]
[White "Wolff, Holger"]
[Black "Krueger, Inge"]
[Result "1-0"]
[WhiteElo "1484"]
[BlackElo "1348"]
[PlyCount "87"]
[EventDate "2003.03.26"]
[EventType "tourn"]
[EventRounds "13"]
[EventCountry "GER"]
[SourceTitle "EXT 2007"]
[Source "ChessBase"]
[SourceDate "2006.11.23"]
[SourceVersion "1"]
[SourceVersionDate "2006.11.23"]
[SourceQuality "1"]

1. c4 Nf6 2. Nc3 e6 3. e4 d6 4. Nf3 Be7 5. d4 0-0 6. Bd3 Nc6 7. Bf4 Nh5 8. Be3 e5 9. d5 Nb4 10. Be2 f5 11. a3 Na6 12. Nxe5 f4 13. Bd2 dxe5 14. Bxh5 Nc5 15. b4 Nd7 16. Bg4 Nf6 17. Bxc8 Rxc8 18. f3 a6 19. Ke2 c6 20. Qb3 Kh8 21. dxc6 Rxc6 22. Nd5 Nxd5 23. cxd5 Rg6 24. Rag1 Qb6 25. g4 Bc5 26. Rc1 Qb5+ 27. Qd3 Qxd3+ 28. Kxd3 Bd6 29. h3 h6 30. Rc4 Rgf6 31. Rhc1 R6f7 32. Rc8 Kh7 33. Rxf8 Rxf8 34. Be1 g5 35. Bf2 Rf7 36. Rc8 Bc7 37. a4 Kg6 38. a5 Rd7 39. Bc5 Bd8 40. Kc4 Kf7 41. Bb6 Be7 42. Rc7 Rxc7+ 43. Bxc7 Kf6 44. d6 1-0

[Event "Dortmund2"]
[Site "Dortmund"]
[Date "2003.04.04"]
[Round "3"]
[White "Krueger, Inge"]
[Black "Buedel, Juergen"]
[Result "1/2-1/2"]
[WhiteElo "1348"]
[BlackElo "1522"]
[PlyCount "149"]
[EventDate "2003.03.26"]
[EventType "tourn"]
[EventRounds "13"]
[EventCountry "GER"]
[SourceTitle "EXT 2007"]
[Source "ChessBase"]
[SourceDate "2006.11.23"]
[SourceVersion "1"]
[SourceVersionDate "2006.11.23"]
[SourceQuality "1"]

1. d4 Nf6 2. c4 d5 3. Nc3 c6 4. Nf3 e6 5. cxd5 exd5 6. Bg5 Bb4 7. Rc1 0-0 8. e3 Bf5 9. Be2 h6 10. Bh4 Nbd7 11. 0-0 g5 12. Bg3 Nh5 13. Ne5 Nhf6 14. Nxd7 Nxd7 15. a3 Be7 16. h3 Bg6 17. Bh2 Rc8 18. Bh5 Bh7 19. f3 f5 20. Qe2 Nf6 21. f4 g4 22. hxg4 Nxh5 23. gxh5 Kh8 24. Kh1 Rg8 25. Rg1 Rg4 26. g3 Qe8 27. Nd1 Bf6 28. Nf2 Bxd4 29. Rge1 Bf6 30. Nxg4 fxg4 31. Qxg4 Qe4+ 32. Kg1 Bf5 33. Qe2 Rg8 34. Qg2 Qe6 35. Kf2 Be4 36. Qf1 Qg4 37. Kg1 Qxh5 38. Re2 Bd3 39. Rcc2 c5 40. Rcd2 Ba6 41. Qg2 d4 42. exd4 Bxd4+ 43. Kf1 Be3 44. Ke1 Re8 45. Rd5 Qxe2+ 46. Qxe2 Bxe2 47. Kxe2 Bxf4+ 48. Kf3 Bc1 49. Rxc5 Bxb2 50. a4 Re7 51. g4 Kh7 52. Bf4 Bg7 53. Rc8 Kg6 54. a5 Be5 55. Be3 Rc7 56. Rxc7 Bxc7 57. Bxa7 Bxa5 58. Kf4 Bd2+ 59. Kf3 b5 60. Bc5 b4 61. Bxb4 Bxb4 62. Kg3 Kg5 63. Kh3 Be1 64. Kg2 Kxg4 65. Kh2 h5 66. Kg2 Bg3 67. Kh1 Kh3 68. Kg1 h4 69. Kh1 Kg4 70. Kg2 Kf4 71. Kh1 Kf3 72. Kg1 Ke2 73. Kg2 Bf2 74. Kh1 Kf1 75. Kh2 1/2-1/2

[Event "Dortmund ABC Aufstreber 18th"]
[Site "Dortmund"]
[Date "2002.12.06"]
[Round "13"]
[White "Krueger, Inge"]
[Black "Grawe, Herbert"]
[Result "1-0"]
[WhiteElo "1306"]
[BlackElo "1406"]
[PlyCount "51"]
[EventDate "2002.10.11"]
[EventType "tourn"]
[EventRounds "13"]
[EventCountry "GER"]
[SourceTitle "EXT 2004"]
[Source "ChessBase"]
[SourceDate "2003.11.25"]
[SourceVersion "1"]
[SourceVersionDate "2003.11.25"]
[SourceQuality "1"]

1. d4 d5 2. c4 c5 3. e3 cxd4 4. exd4 Nf6 5. Nc3 e6 6. Nf3 Bb4 7. Qc2 Nc6 8. cxd5 Nxd5 9. Bd3 Ba5 10. a3 Nf6 11. Be3 Bd7 12. 0-0 Rc8 13. Rac1 Bb6 14. Qb1 a6 15. Ne4 h6 16. Nd6+ Ke7 17. Nxc8+ Bxc8 18. Rfd1 g5 19. Bxa6 bxa6 20. Rxc6 Bb7 21. Ne5 Qd5 22. Rdc1 Ng4 23. Qc2 Nxe5 24. dxe5 Rc8 25. Bc5+ Ke8 26. Rxc8+ 1-0

[Event "Dortmund ABC Aufstreber 18th"]
[Site "Dortmund"]
[Date "2002.11.08"]
[Round "7"]
[White "Wolff, Holger"]
[Black "Krueger, Inge"]
[Result "0-1"]
[WhiteElo "1493"]
[BlackElo "1306"]
[PlyCount "84"]
[EventDate "2002.10.11"]
[EventType "tourn"]
[EventRounds "13"]
[EventCountry "GER"]
[SourceTitle "EXT 2004"]
[Source "ChessBase"]
[SourceDate "2003.11.25"]
[SourceVersion "1"]
[SourceVersionDate "2003.11.25"]
[SourceQuality "1"]

1. c4 Nf6 2. Nc3 e6 3. Nf3 d5 4. cxd5 exd5 5. d4 Be7 6. Bg5 Nbd7 7. e3 0-0 8. Qc2 h6 9. Bh4 Re8 10. Bd3 c6 11. 0-0 Ne4 12. Bxe7 Qxe7 13. Bxe4 dxe4 14. Nd2 Nf6 15. a3 Bf5 16. Rac1 Rac8 17. Na4 b6 18. Nb3 Qd6 19. h3 Nd5 20. Nc3 Qg6 21. Kh2 Qd6+ 22. Kh1 Nf6 23. Ne2 Qd7 24. Kh2 Nh7 25. Ng3 Bg6 26. Qe2 Qd6 27. Kg1 f5 28. Nh5 Qe6 29. Rc3 Bxh5 30. Qxh5 Nf6 31. Qd1 Nd5 32. Rc1 Qg6 33. Qd2 Rf8 34. Kh2 f4 35. g3 fxg3+ 36. fxg3 Rf3 37. Rxf3 exf3 38. Re1 Qe4 39. Na1 Rf8 40. Qf2 h5 41. h4 Nf6 42. Kh3 Qf5+ 0-1